Obrazové album ze života ústeckého archiváře Franze Josefa Umlaufta

Titel: Obrazové album ze života ústeckého archiváře Franze Josefa Umlaufta / vybrali, popsali a uspořádali Vladimír Kaiser a Helena Patráková
Beteiligt: ;
Veröffentlicht: Ústí nad Labem : Statutární město Ústí nad Labem, 2014
Umfang: 197 Seiten : Illustrationen ; 31 cm
Format: Buch
Sprache: Tschechisch
Schriftenreihe/
mehrbändiges Werk:
Ústecká vlastivěda ; 10
ISBN: 8086646505 ; 9788086646503
Buchumschlag
X
Lokale Klassifikation: 23 4 B ; 22 4 B
alg: 37794507
001A    $03004:07-04-16 
001B    $01999:09-06-23 $t22:58:32.000 
001C    $03004:26-10-16 $t15:23:42.000 
001D    $03004:26-10-16 
001U    $0utf8 
001X    $00 
002@    $0Aau 
002C    $aText $btxt $2rdacontent 
002D    $aohne Hilfsmittel zu benutzen $bn $2rdamedia 
002E    $aBand $bnc $2rdacarrier 
003@    $0377945072 
004A    $080-86646-50-5 
004A    $A978-80-86646-50-3 
007A    $0454669054 $aBSZ 
007G    $0DE02076DDEE0C2481DCB9C125805A0037E246 
009P    $qapplication/pdf $A2 $3Inhaltsverzeichnis $uhttp://scans.hebis.de/HEBCGI/show.pl?37794507_toc.pdf $mV:DE-603;B:DE-Mb50 
010@    $acze 
010E    $erda 
011@    $a2014 $n2014 
021A    $aObrazové album ze života ústeckého archiváře Franze Josefa Umlaufta $hvybrali, popsali a uspořádali Vladimír Kaiser a Helena Patráková 
028C    $D20220215 $Ecgwrk $7114560868X $8Kaiser, Vladimír$Z1954- [Tp1] $9421801395 
028C    $7 $8Patráková, Helena ˜ [Tnu] $9389555932 
033A    $pÚstí nad Labem $nStatutární město Ústí nad Labem 
034D    $a197 Seiten 
034I    $a31 cm 
034M    $aIllustrationen 
036E    $aÚstecká vlastivěda $l10 
045F    $a020.94371 $eDDC23BSB 
045F/01 $a020 
045F/03 $g4371 
045F/03 $g437 

lok: 37794507 24
101B    $026-10-16 $t15:23:07.000 
101C    $026-10-16 
101U    $0utf8 
145Z/01 $a23 4 B 
145Z/02 $a22 4 B 

exp: 37794507 24 1 #EPN
201B/01 $026-10-16 $t15:23:07.000 
201C/01 $007-04-16 
201U/01 $0utf8 
203@/01 $0770917348 
208@/01 $a26-10-16 $bz 
209A/01 $a16.01690 $du $f050 $h16 01690 $x00 
209C/01 $a16.01690 T $h16 01690 T 
209G/01 $a73605725 $x00 
220C/01 $akon 
244Z/01 $#Umlauft, Franz Joseph $#Umlauft, F. J. $71036490432 $8--Tp1--Umlauft, Franz Josef$Z1883-1960 $x01 $932306681X 
247C/01 $8358050-7 Marburg, Bibliothek des Herder-Instituts Marburg $9102600961
LEADER 00000cam a2200000 c 4500
001 377945072
003 DE-603
005 20230609225832.0
007 tu
008 160407s2014 xx |||| | u00||u|cze c
020 |a 8086646505 
020 |a 9788086646503 
035 |a (DE-599)BSZ454669054 
040 |a DE-603  |b ger  |c DE-603  |d DE-603  |e rda 
041 |a cze 
082 0 4 |8 1\u  |a 020.94371  |q DE-101  |2 23/BSB 
085 |8 1\u  |b 020 
085 |8 1\u  |z 2  |s 4371 
085 |8 1\u  |z 2  |s 437 
245 0 0 |a Obrazové album ze života ústeckého archiváře Franze Josefa Umlaufta  |c vybrali, popsali a uspořádali Vladimír Kaiser a Helena Patráková 
264 1 |a Ústí nad Labem  |b Statutární město Ústí nad Labem  |c 2014 
300 |a 197 Seiten  |b Illustrationen  |c 31 cm 
336 |a Text  |b txt  |2 rdacontent 
337 |a ohne Hilfsmittel zu benutzen  |b n  |2 rdamedia 
338 |a Band  |b nc  |2 rdacarrier 
490 0 |a Ústecká vlastivěda  |v 10 
700 1 |a Kaiser, Vladimír  |d 1954-  |0 (DE-603)421801395  |0 (DE-588)114560868X  |2 gnd 
700 1 |a Patráková, Helena ˜  |0 (DE-603)389555932 
856 4 2 |m V:DE-603;B:DE-Mb50  |q application/pdf  |u http://scans.hebis.de/HEBCGI/show.pl?37794507_toc.pdf  |3 Inhaltsverzeichnis 
924 0 |9 Mb 50  |a (DE-603)770917348  |b DE-Mb50  |c HES  |d c  |g 16.01690